000 00400nam a2200169Ia 4500
008 230524s9999 xx 000 0 und d
020 _a8189757172
082 _bPAN
100 _aAdesh K. Pandy
_941975
245 0 _aFundamentals of Compiler Design
250 _a2
260 _aNew Delhi
_bKatson
_c2011
300 _a586p;
500 _aQuantity Number: 1
650 _aComp-Sc
942 _cBK
999 _c56390
_d56390